[Event "46th Capablanca Memorial Open A"]
[Site "Havana CUB"]
[Date "2010.05.17"]
[Round "6.12"]
[White "Obregon Rivero, Juan Carlos"]
[Black "Guerra Mojena, Leandro"]
[Result "0-1"]
[WhiteTitle "FM"]
[BlackTitle "FM"]
[WhiteElo "2445"]
[BlackElo "2337"]
[WhiteFideId "3507815"]
[BlackFideId "3513602"]
[EventDate "2011.05.11"]

1. e4 e6 2. d4 d5 3. Nc3 Bb4 4. e5 c5 5. a3 Bxc3+ 6. bxc3 Ne7 7. Nf3 Nbc6 8. a4
Qa5 9. Bd2 Bd7 10. Bd3 Qc7 11. O-O c4 12. Be2 f6 13. exf6 gxf6 14. Qc1 O-O-O 15.
Qa3 e5 16. dxe5 fxe5 17. a5 Rhg8 18. Rfb1 Bh3 19. g3 Bg4 20. Bd1 Nf5 21. a6 b6
22. Ng5 Bxd1 23. Rxd1 Rg6 24. Kh1 Rdg8 25. Bc1 Qd7 26. Rb1 Rxg5 27. Bxg5 Rxg5
28. Qf8+ Nd8 29. Rb4 Qc6 30. Kg1 Nd6 31. Qe7 Rf5 32. Qxa7 b5 33. Ra1 Ne6 34.
Qxh7 Qb6 35. Rf1 Qxa6 36. Rbb1 Nc7 37. Ra1 Qb6 38. h4 e4 39. Qh6 Rf3 40. Kg2 Kb7
41. h5 Rxc3 42. Qg6 Nde8 43. Qxb6+ Kxb6 44. h6 Nf6 45. g4 Ne6 46. f4 exf3+ 47.
Rxf3 Rxc2+ 48. Kg1 Nxg4 49. Re1 Nd4 50. Rf4 Ne2+ 51. Rxe2 Rxe2 52. Rxg4 Re8 53.
h7 Rh8 54. Rg7 c3 0-1

[Event "46th Capablanca Memorial Open A"]
[Site "Havana CUB"]
[Date "2010.05.17"]
[Round "6.13"]
[White "Morales Romero, Pedro"]
[Black "Vera Gonzalez-Quevedo, Reynaldo"]
[Result "1/2-1/2"]
[WhiteTitle "IM"]
[BlackTitle "GM"]
[WhiteElo "2354"]
[BlackElo "2500"]
[WhiteFideId "3503798"]
[BlackFideId "3500055"]
[EventDate "2011.05.11"]

1. e4 c5 2. Nf3 d6 3. d4 cxd4 4. Nxd4 Nf6 5. Nc3 a6 6. Bc4 e6 7. Bb3 Be7 8. g4
O-O 9. g5 Nfd7 10. h4 Nc5 11. Be3 b5 12. a3 Nxb3 13. cxb3 Bd7 14. f4 Nc6 15. Qf3
b4 16. axb4 Nxb4 17. O-O f6 18. Qg2 Nc6 1/2-1/2

[Event "46th Capablanca Memorial Open A"]
[Site "Havana CUB"]
[Date "2010.05.17"]
[Round "6.14"]
[White "Abreu Delgado, Aryam"]
[Black "Ordaz Valdes, Lisandra Teresa"]
[Result "1-0"]
[WhiteTitle "GM"]
[BlackTitle "WIM"]
[WhiteElo "2485"]
[BlackElo "2348"]
[WhiteFideId "3502589"]
[BlackFideId "3506940"]
[EventDate "2011.05.11"]

1. c4 e5 2. g3 Nf6 3. Bg2 d5 4. cxd5 Nxd5 5. Nc3 Nb6 6. Nf3 Nc6 7. O-O Be7 8. a3
O-O 9. b4 Be6 10. d3 f6 11. Ne4 Rb8 12. Qc2 Nd4 13. Nxd4 exd4 14. Bb2 Bd5 15.
Rfd1 Bf7 16. Nc5 c6 17. Nb3 Bxb3 18. Qxb3+ Kh8 19. a4 Qd6 20. a5 Nc8 21. b5 c5
22. e3 dxe3 23. fxe3 f5 24. d4 Qc7 25. Rac1 c4 26. Qxc4 Qxa5 27. Qc7 Qxc7 28.
Rxc7 Re8 29. Bxb7 Nd6 30. Bc6 Nxb5 31. Rd7 Bf6 32. Kf2 Nd6 33. Bc1 Nb5 34. Bxb5
Rxb5 35. Rxa7 Rd8 36. Rd3 Kg8 37. Rda3 Rb1 38. Rc7 Bg5 39. Ra5 Re8 40. Re5 Rxe5
41. dxe5 Bd8 42. Rc8 Kf7 43. Rxd8 Rxc1 44. Rd7+ Ke6 45. Rxg7 Rc2+ 46. Kg1 Kxe5
47. Rxh7 Kf6 48. Kf1 Kg6 49. Rh4 Kg5 50. h3 Rh2 51. Rh8 Kf6 52. h4 Kg7 53. Ra8
Kf6 54. Ra4 Ke5 55. Rf4 Rh1+ 56. Kg2 Re1 57. h5 Rxe3 58. Rh4 Kf6 59. h6 Re8 60.
h7 Rh8 61. Kf3 Kg5 62. Rh1 f4 63. gxf4+ Kg6 64. Kg4 Kf6 65. Rh6+ Kg7 66. Kg5 Kf7
67. Rh1 Kg7 68. Rh2 Kf7 69. Ra2 1-0

[Event "46th Capablanca Memorial Open A"]
[Site "Havana CUB"]
[Date "2010.05.17"]
[Round "6.15"]
[White "Guerra Mendez, Jose Angel"]
[Black "Linares Napoles, Oleiny"]
[Result "1/2-1/2"]
[WhiteTitle "IM"]
[BlackTitle "WGM"]
[WhiteElo "2472"]
[BlackElo "2319"]
[WhiteFideId "3508129"]
[BlackFideId "3504794"]
[EventDate "2011.05.11"]

1. e4 d6 2. d4 Nf6 3. Nc3 g6 4. Be3 c6 5. Qd2 Nbd7 6. Nf3 Qc7 7. h3 b5 8. Bd3 e5
9. O-O Bg7 10. dxe5 dxe5 11. a4 b4 12. Ne2 Rb8 13. c3 b3 14. Ng3 O-O 15. Bc4 c5
16. Qe2 Ne8 17. Nd2 Nd6 18. Bxb3 c4 19. Bxc4 Rxb2 20. Ba6 Nc5 21. Bxc8 Rxc8 22.
Qd1 Rd8 23. Qf3 a5 24. Rfd1 Qc6 25. Nc4 Rbb8 26. Nxd6 Rxd6 27. Rxd6 Qxd6 28. Rd1
Qc7 29. Bxc5 Qxc5 30. Rd7 Qc4 31. Kh2 Rf8 32. Qd1 Qxc3 33. Qd2 Qc6 34. Rd5 Qxa4
35. Rxa5 Qc4 1/2-1/2

[Event "46th Capablanca Memorial Open A"]
[Site "Havana CUB"]
[Date "2010.05.17"]
[Round "6.16"]
[White "Martinez Duanny, Lelys Stanley"]
[Black "Estrada Nieto, Julian"]
[Result "1-0"]
[WhiteTitle "GM"]
[BlackTitle "IM"]
[WhiteElo "2452"]
[BlackElo "2316"]
[WhiteFideId "3504727"]
[BlackFideId "5101018"]
[EventDate "2011.05.11"]

1. e4 e5 2. Nf3 Nc6 3. Bb5 a6 4. Ba4 Nf6 5. O-O Be7 6. Re1 b5 7. Bb3 d6 8. c3
O-O 9. h3 Na5 10. Bc2 c5 11. d4 Qc7 12. Nbd2 cxd4 13. cxd4 Bd7 14. Nf1 Rac8 15.
Ne3 Nc6 16. Bb3 Na5 17. Nd5 Nxd5 18. Bxd5 exd4 19. b3 Nc6 20. Bb2 Bf6 21. Bxc6
Bxc6 22. Bxd4 Bxd4 23. Nxd4 Bd7 24. Qd2 Rfe8 25. Rad1 h6 26. Re3 Qb7 27. Nf5
Bxf5 28. exf5 Rxe3 29. Qxe3 Qc6 30. f6 Qc3 31. Rxd6 Qxe3 32. fxe3 Rc1+ 33. Kh2
Rc3 34. fxg7 Kxg7 35. Rxa6 Rxe3 36. Ra5 b4 37. Ra4 Re2 38. Kg3 Rd2 39. Kf3 h5
40. g3 Kg6 41. h4 Kf5 42. Rxb4 Rxa2 43. Rb5+ Kg6 44. Rg5+ Kh6 45. Rd5 Rb2 46.
Rd3 Kg6 47. Ke4 Re2+ 48. Kd5 Kf5 49. b4 Rb2 50. Rd4 Rb3 51. Rf4+ Kg6 52. Kc5
Rxg3 53. b5 Re3 54. b6 Re8 55. b7 f5 56. Rb4 Rb8 57. Kd6 Kf7 58. Kc6 1-0

[Event "46th Capablanca Memorial Open A"]
[Site "Havana CUB"]
[Date "2010.05.17"]
[Round "6.18"]
[White "Perez Garcia, Rodney"]
[Black "de Francesco, Klaus"]
[Result "1/2-1/2"]
[WhiteTitle "IM"]
[BlackTitle "FM"]
[WhiteElo "2440"]
[BlackElo "2312"]
[WhiteFideId "3500918"]
[BlackFideId "4613945"]
[EventDate "2011.05.11"]

1. e4 e6 2. d4 d5 3. exd5 exd5 4. Nf3 Nf6 5. Bd3 Bd6 6. O-O O-O 7. h3 h6 8. Re1
Re8 9. Rxe8+ Qxe8 10. Nc3 a6 11. Qe2 Qxe2 12. Nxe2 c6 13. Bf4 1/2-1/2

[Event "46th Capablanca Memorial Open A"]
[Site "Havana CUB"]
[Date "2010.05.17"]
[Round "6.19"]
[White "Larrua Gonzalez, Fernando Oscar"]
[Black "Soppe, Guillermo"]
[Result "0-1"]
[WhiteTitle "FM"]
[BlackTitle "IM"]
[WhiteElo "2316"]
[BlackElo "2430"]
[WhiteFideId "3510662"]
[BlackFideId "100323"]
[EventDate "2011.05.11"]

1. e4 c6 2. d4 d5 3. Nd2 dxe4 4. Nxe4 Nf6 5. Ng3 g6 6. Nf3 Bg7 7. Be2 O-O 8. O-O
Nbd7 9. c4 Qc7 10. Re1 b6 11. Bg5 Bb7 12. Qd2 Rad8 13. Bh6 e6 14. Rad1 c5 15.
Bxg7 Kxg7 16. dxc5 Nxc5 17. Qe3 Bxf3 18. Bxf3 a5 19. Ne2 Rxd1 20. Rxd1 Rd8 21.
Rxd8 Qxd8 22. Nc3 Qd6 23. g3 h5 24. h4 Nfd7 25. Nb5 Qe5 26. Qxe5+ Nxe5 27. Be2
Ned3 28. Bxd3 Nxd3 29. b3 Kf6 30. Nc3 Nc5 31. f4 Kf5 32. Kg2 e5 33. Nd5 exf4 34.
gxf4 Kg4 35. Nxb6 Kxf4 36. Nd5+ Ke5 37. Ne7 Kd6 38. Nd5 Nd3 39. Kf3 Nb4 40. Nxb4
axb4 41. Ke4 f6 42. Kd4 g5 43. hxg5 fxg5 44. Ke4 Ke6 45. Kd4 g4 46. Ke4 h4 47.
Kf4 g3 0-1

[Event "46th Capablanca Memorial Open A"]
[Site "Havana CUB"]
[Date "2010.05.17"]
[Round "6.20"]
[White "Ruiz Sanchez, Orlen"]
[Black "Prasca Sosa, Rafael"]
[Result "1/2-1/2"]
[WhiteTitle "FM"]
[BlackTitle "IM"]
[WhiteElo "2392"]
[BlackElo "2424"]
[WhiteFideId "3506231"]
[BlackFideId "3900819"]
[EventDate "2011.05.11"]

1. d4 d5 2. c4 c6 3. Nf3 Nf6 4. Nc3 g6 5. cxd5 cxd5 6. Bf4 Nc6 7. e3 Bg7 8. h3
O-O 9. Bd3 a6 10. O-O b5 11. a4 b4 12. Nb1 Bb7 13. Nbd2 Nd7 14. Qb3 Qa5 15. Rfc1
Rfc8 16. Be2 Qb6 17. Qa2 Na5 18. Nb3 Nxb3 19. Qxb3 a5 20. Bb5 Qd8 21. Qd1 1/2-1/2

[Event "46th Capablanca Memorial Open A"]
[Site "Havana CUB"]
[Date "2010.05.17"]
[Round "6.21"]
[White "Borges Feria, Yasel"]
[Black "Davila, Carlos"]
[Result "1/2-1/2"]
[WhiteTitle "FM"]
[BlackTitle "IM"]
[WhiteElo "2406"]
[BlackElo "2307"]
[WhiteFideId "3504921"]
[BlackFideId "6100040"]
[EventDate "2011.05.11"]

1. Nf3 Nf6 2. c4 g6 3. g3 Bg7 4. Bg2 O-O 5. O-O d6 6. d4 c6 7. Nc3 Qa5 8. e4 Bg4
9. h3 Bxf3 10. Qxf3 Nfd7 11. Be3 c5 12. dxc5 dxc5 13. Rfd1 Rd8 14. Qe2 Nc6 15.
f4 Bxc3 16. bxc3 Qxc3 17. Rac1 Qa5 18. e5 Nb6 19. Qf2 Rxd1+ 20. Rxd1 Qa4 21. Qe2
Rd8 22. Rxd8+ Nxd8 23. Bxc5 Qd7 24. Bf2 Nc6 25. Kh2 Qc7 26. c5 Nd7 27. e6 Nf6
28. Qc4 fxe6 29. Qxe6+ Kf8 30. Bf3 Nd8 31. Qe3 Qd7 32. Kg2 Nc6 33. Qb3 h5 34.
Qc3 Kg8 35. Qc4+ Kg7 36. Qe2 Qc7 37. Qe3 Qd7 38. Qe2 Qc7 39. Be3 Qd7 40. g4 hxg4
41. hxg4 Nd5 42. Bc1 e6 43. Qc4 Kf7 44. Qe4 Nf6 45. Qb1 Nd5 46. Qb2 Qe7 47. f5
Qxc5 48. fxg6+ Kxg6 49. Be4+ Kf7 50. Qxb7+ Nce7 51. Qb2 Ne3+ 52. Kf3 Nc4 53. Qc2
Ne5+ 54. Kg3 Qg1+ 55. Bg2 Qe1+ 56. Qf2+ 1/2-1/2

[Event "46th Capablanca Memorial Open A"]
[Site "Havana CUB"]
[Date "2010.05.17"]
[Round "6.23"]
[White "Mendez Fortes, Eduardo Jesus"]
[Black "Ibarra Chami, Luis Fernando"]
[Result "1-0"]
[WhiteTitle "FM"]
[BlackTitle "IM"]
[WhiteElo "2316"]
[BlackElo "2514"]
[WhiteFideId "3502376"]
[BlackFideId "5105048"]
[EventDate "2011.05.11"]

1. e4 c5 2. Nf3 Nc6 3. d4 cxd4 4. Nxd4 Nf6 5. Nc3 e5 6. Ndb5 d6 7. Bg5 a6 8. Na3
b5 9. Bxf6 gxf6 10. Nd5 f5 11. Bd3 Be6 12. O-O Bg7 13. Qh5 h6 14. c4 bxc4 15.
Bxc4 fxe4 16. Nc7+ Qxc7 17. Bxe6 Nb4 18. Bb3 O-O 19. Nc4 Qe7 20. Ne3 Nd3 21. g3
Rab8 22. h4 Kh8 23. Bd5 Rxb2 24. Bxe4 Nc5 25. Bd5 e4 26. Ng4 Kh7 27. Qf5+ Kg8
28. Rab1 Rd2 29. Rfd1 Rxd1+ 30. Rxd1 Re8 31. Qg6 Kf8 32. Qh7 Nd7 33. Bc6 Rd8 34.
Bxd7 Rxd7 35. Nxh6 Qf6 36. Nf5 Qb2 37. Nxg7 Qxg7 38. Qxe4 Rd8 39. Qc6 Qe5 40.
Qxa6 d5 41. Qa5 Rd6 42. Qc5 Kg7 43. a4 Rd8 44. a5 Qe4 45. a6 Qe2 46. Ra1 1-0

[Event "46th Capablanca Memorial Open A"]
[Site "Havana CUB"]
[Date "2010.05.17"]
[Round "6.24"]
[White "Espinoza Palomino, Willyam"]
[Black "Oms Pallisse, Josep"]
[Result "1/2-1/2"]
[WhiteTitle "FM"]
[BlackTitle "GM"]
[WhiteElo "2295"]
[BlackElo "2501"]
[WhiteFideId "3804852"]
[BlackFideId "2205521"]
[EventDate "2011.05.11"]

1. e4 e6 2. d4 d5 3. Nc3 Nf6 4. Bg5 Bb4 5. e5 h6 6. Bd2 Bxc3 7. bxc3 Ne4 8. Qg4
Kf8 9. Bd3 Nxd2 10. Kxd2 c5 11. Nf3 cxd4 12. Nxd4 Nd7 13. Qf4 Nc5 14. Nb3 b6 15.
h4 Ne4+ 16. Bxe4 dxe4+ 17. Ke1 Qc7 18. Rh3 f6 19. Rd1 Kf7 20. Rd6 Ba6 21. Rg3 f5
22. Nd4 Bc8 23. Nxf5 exf5 24. e6+ Ke8 25. Qe5 Rg8 26. e7 Qxe7 27. Qd5 Rf8 28.
Qxa8 Qxd6 29. Qxc8+ Qd8 30. Qxd8+ Kxd8 31. Rxg7 f4 32. Rxa7 Rf5 33. Rg7 b5 34.
Ke2 Rf6 35. f3 e3 36. g3 Rc6 37. gxf4 Rxc3 38. Ra7 Ke8 39. f5 Kf8 40. f6 b4 41.
Ra4 Kf7 42. Rxb4 Rxc2+ 43. Kxe3 Rxa2 44. Rf4 Ra5 45. Kf2 Rb5 46. Kg3 Ra5 47. Kg4
h5+ 48. Kg3 Rb5 49. Kf2 1/2-1/2

[Event "46th Capablanca Memorial Open A"]
[Site "Havana CUB"]
[Date "2010.05.17"]
[Round "6.25"]
[White "Fernandez Cardoso, Alexey"]
[Black "Martinez Lopez, Ivan"]
[Result "1/2-1/2"]
[WhiteTitle "FM"]
[WhiteElo "2473"]
[BlackElo "2287"]
[WhiteFideId "3504379"]
[BlackFideId "2219409"]
[EventDate "2011.05.11"]

1. e4 d5 2. exd5 Qxd5 3. Nc3 Qa5 4. d4 c6 5. Bc4 Bf5 6. Nf3 e6 7. Ne5 Nf6 8. Bd2
Qb6 9. Qe2 Nbd7 10. Nxd7 Kxd7 11. O-O-O Rd8 12. h3 Kc8 13. g4 Bg6 14. Be3 Nd5
15. Nxd5 exd5 16. Bb3 Bd6 17. f3 Rhe8 18. Qd2 Qc7 19. Kb1 Re7 20. f4 Rde8 21.
Rhe1 f5 22. Ka1 Re4 23. gxf5 Bh5 24. Rb1 Qe7 25. Bf2 Bxf4 26. Qa5 Kb8 27. c4 Bc7
28. Qc3 Bf7 29. cxd5 Bxd5 30. Rxe4 Bxe4 31. Re1 Qf8 32. Qe3 Qxf5 33. Bc2 Rf8 34.
Qxe4 Qxe4 35. Rxe4 Rxf2 36. Re8+ Bd8 37. Rxd8+ Kc7 38. Rg8 Rxc2 39. Rxg7+ Kb6
40. Kb1 Rd2 41. Rg4 Rf2 42. Rg7 Rf4 43. Rxh7 Rxd4 44. h4 Rd2 45. Re7 Rh2 46. Re4
a5 47. a3 Ka6 48. Kc1 b5 1/2-1/2

[Event "46th Capablanca Memorial Open A"]
[Site "Havana CUB"]
[Date "2010.05.17"]
[Round "6.26"]
[White "Hernandez Fernandez, Ramon A"]
[Black "Gongora Reyes, Maikel"]
[Result "0-1"]
[WhiteTitle "FM"]
[BlackTitle "IM"]
[WhiteElo "2293"]
[BlackElo "2452"]
[WhiteFideId "3503909"]
[BlackFideId "3503208"]
[EventDate "2011.05.11"]

1. e4 e5 2. Nf3 Nc6 3. Bb5 Nf6 4. d3 d6 5. O-O Be7 6. c3 O-O 7. Re1 a6 8. Ba4 h6
9. Nbd2 b5 10. Bc2 Re8 11. Nf1 Bf8 12. Ng3 g6 13. h3 Bg7 14. d4 Bb7 15. a4 exd4
16. Nxd4 Qd7 17. axb5 Nxd4 18. cxd4 axb5 19. Rxa8 Bxa8 20. b4 h5 21. f3 Qc6 22.
Qd3 Nd5 23. Bd2 Nb6 24. Bb3 Nc4 25. Rc1 Qb6 26. Bxc4 bxc4 27. Qxc4 Qxd4+ 28.
Qxd4 Bxd4+ 29. Kf1 Bb6 30. Bc3 Bc6 31. Ne2 Bb5 32. Rd1 f5 33. e5 dxe5 34. Rd5
Bxe2+ 35. Kxe2 e4 36. Bd4 exf3+ 37. Kxf3 Kf7 38. Bxb6 cxb6 39. Rb5 Re6 40. g4
fxg4+ 41. hxg4 hxg4+ 42. Kxg4 Ke7 43. Kg5 Kd7 44. Kf4 Kc6 45. Rg5 Rf6+ 46. Kg3
Kb7 47. Kg2 Ka6 48. Kg1 Rf4 49. Rxg6 Rxb4 50. Kf2 Re4 51. Rg1 b5 52. Kf3 Re7 53.
Rb1 Ka5 54. Ra1+ Kb4 55. Rb1+ Kc4 56. Rc1+ Kd3 57. Rb1 Rf7+ 58. Kg3 Rb7 59. Kf2
b4 60. Ke1 Kc2 0-1

[Event "46th Capablanca Memorial Open A"]
[Site "Havana CUB"]
[Date "2010.05.17"]
[Round "6.27"]
[White "Wohl, Aleksandar H."]
[Black "Vigoa Apecheche, Yanira"]
[Result "1-0"]
[WhiteTitle "IM"]
[BlackTitle "WIM"]
[WhiteElo "2411"]
[BlackElo "2279"]
[WhiteFideId "3200345"]
[BlackFideId "3507041"]
[EventDate "2011.05.11"]

1. e4 c5 2. Nf3 d6 3. Be2 Nf6 4. c3 Bd7 5. Qc2 Qc7 6. O-O g6 7. Na3 a6 8. Nc4 e5
9. a4 Bc6 10. d3 Bg7 11. b4 b6 12. a5 b5 13. Nb6 Ra7 14. bxc5 dxc5 15. c4 Nbd7
16. Bb2 O-O 17. Rfb1 b4 18. Nd5 Qd6 19. Rf1 Nh5 20. g3 Bh8 21. Qd2 Ng7 22. Nh4
Ne6 23. Bd1 Bxd5 24. cxd5 Nd4 25. Nf3 Nxf3+ 26. Bxf3 Bf6 27. Bg4 Rb8 28. Rfc1
Rb5 29. Qe3 Bd8 30. f4 Bf6 31. Rc2 Nf8 32. Rf2 h5 33. Bd1 h4 34. Bb3 hxg3 35.
hxg3 Rb8 36. Raf1 Bg7 37. Kg2 Rbb7 38. Rc1 Rc7 39. Rfc2 Nd7 40. Rf1 Nf8 41. Rcf2
Re7 42. fxe5 Rxe5 43. Qf4 Rae7 44. Rc2 Qd7 45. d6 Ne6 46. Qxe5 Bxe5 47. Bxe5 Re8
48. Rf6 Qb5 49. Bc4 Qxa5 50. Rcf2 Nd8 51. Bb2 Re6 52. Rxf7 Nxf7 53. Bxe6 Qd8 54.
Bxf7+ 1-0

[Event "46th Capablanca Memorial Open A"]
[Site "Havana CUB"]
[Date "2010.05.17"]
[Round "6.28"]
[White "Leyva Rivera, Yunier"]
[Black "Diaz Hernandez, Heriberto"]
[Result "1/2-1/2"]
[WhiteTitle "FM"]
[BlackTitle "FM"]
[WhiteElo "2382"]
[BlackElo "2300"]
[WhiteFideId "3505065"]
[BlackFideId "3508498"]
[EventDate "2011.05.11"]

1. d4 d5 2. c4 c6 3. Nf3 Nf6 4. e3 Bf5 5. Nc3 e6 6. Nh4 Bg6 7. Be2 Nbd7 8. O-O
Be7 9. g3 O-O 10. Nxg6 hxg6 11. Qb3 Qc7 12. Rd1 dxc4 13. Bxc4 e5 14. Qc2 g5 15.
Bd2 Rad8 16. Rac1 exd4 17. exd4 Nb6 18. Bb3 g4 19. Qg6 Qd7 20. Bh6 Ne8 21. Bf4
Nd5 22. Nxd5 cxd5 23. Qd3 Bd6 24. Bg5 Be7 25. Bf4 Bd6 26. Be5 Nc7 27. Qc2 Rc8
28. Bxd6 Qxd6 29. Qc5 Qxc5 30. Rxc5 b6 31. Rc6 Nb5 32. Rxc8 Rxc8 33. a4 Nd6 34.
Bxd5 Rc2 35. b3 Kf8 36. Kf1 Ke7 37. Ke1 Kd7 38. Rd2 Rc1+ 39. Rd1 Rc2 40. Rd2
Rc1+ 41. Ke2 Rc3 42. Rd3 Rc2+ 43. Rd2 Rc3 44. Rb2 Rc1 45. Kd2 Rf1 46. Ke3 g5 47.
Ke2 Rg1 48. Rc2 Nf5 49. Kd3 Nd6 50. Bc6+ Kd8 51. Bd5 Kd7 52. Bc6+ 1/2-1/2

[Event "46th Capablanca Memorial Open A"]
[Site "Havana CUB"]
[Date "2010.05.17"]
[Round "6.29"]
[White "Pulvett, Daniel"]
[Black "Figueredo Losada, Leonel"]
[Result "0-1"]
[WhiteTitle "IM"]
[BlackTitle "FM"]
[WhiteElo "2282"]
[BlackElo "2381"]
[WhiteFideId "3900410"]
[BlackFideId "3507971"]
[EventDate "2011.05.11"]

1. e4 c5 2. Nf3 e6 3. d4 cxd4 4. Nxd4 a6 5. Bd3 Bc5 6. Nb3 Be7 7. O-O d6 8. c4
Nf6 9. Nc3 Qc7 10. Qe2 Nbd7 11. f4 b6 12. Bd2 Bb7 13. Rae1 Rd8 14. Bb1 O-O 15.
Nd4 Rfe8 16. Rf3 Bf8 17. Kh1 g6 18. Rh3 Bg7 19. Nf3 Rc8 20. b3 Nh5 21. Nd1 d5
22. e5 dxc4 23. g4 c3 24. gxh5 cxd2 25. Qxd2 Red8 26. Qe2 Nc5 27. Nf2 Rd4 28.
Qe3 Rcd8 29. Kg1 R4d7 0-1

[Event "46th Capablanca Memorial Open A"]
[Site "Havana CUB"]
[Date "2010.05.17"]
[Round "6.30"]
[White "Vega Chirino, Lemay"]
[Black "Fernandez Hernandez, Arturo A."]
[Result "1/2-1/2"]
[WhiteTitle "FM"]
[BlackTitle "FM"]
[WhiteElo "2356"]
[BlackElo "2265"]
[WhiteFideId "3502252"]
[BlackFideId "3509230"]
[EventDate "2011.05.11"]

1. e4 d6 2. d4 Nf6 3. Nc3 g6 4. Nf3 Bg7 5. Be2 O-O 6. O-O c6 7. h3 Nbd7 8. a4 e5
9. Be3 Re8 10. dxe5 dxe5 11. Qd2 Qe7 12. Rfd1 Nc5 13. Bxc5 Qxc5 14. Qd6 Qxd6 15.
Rxd6 Bf8 16. Rdd1 a5 17. Bc4 h6 18. g4 Bb4 19. Rd3 Kf8 20. Rad1 Bxc3 21. Rxc3
Nxe4 22. Re3 Ng5 23. Nxg5 hxg5 24. Red3 Ke7 25. Rd6 Ra7 26. f3 Ra8 27. Kf2 Rb8
28. Bb3 Rf8 29. Kg3 Rh8 30. R6d2 Ra8 31. Bc4 Ra7 32. Rd6 Ra8 33. R6d3 Rb8 34.
Rd6 Rf8 35. Bb3 Re8 36. h4 gxh4+ 37. Kxh4 Rh8+ 38. Kg3 Ra8 39. R6d2 g5 40. Re1
Kf6 41. Rde2 Re8 42. Rh1 Be6 43. Rh6+ Kg7 44. Rh5 Kf6 45. Rh6+ Kg7 46. Rh5 Kf6
47. Bxe6 Rxe6 48. Rd2 Rae8 49. Rd7 e4 50. Rxb7 exf3 51. Rh6+ Kg7 52. Rxe6 Rxe6
53. Kxf3 Rf6+ 54. Kg3 Rf4 55. b3 Re4 56. Kf3 Rf4+ 57. Kg3 1/2-1/2

[Event "46th Capablanca Memorial Open A"]
[Site "Havana CUB"]
[Date "2010.05.17"]
[Round "6.31"]
[White "Mena Crespo, Carlos"]
[Black "Ynojosa, Felix Jose"]
[Result "0-1"]
[WhiteTitle "FM"]
[WhiteElo "2347"]
[BlackElo "2255"]
[WhiteFideId "3506410"]
[BlackFideId "3900258"]
[EventDate "2011.05.11"]

1. Nf3 Nf6 2. g3 b6 3. Bg2 Bb7 4. O-O c5 5. c4 e6 6. b3 Be7 7. Bb2 O-O 8. e3 d5
9. Nc3 dxc4 10. bxc4 a6 11. Qe2 Qc7 12. Rfd1 Nc6 13. Rab1 Na5 14. Ba1 Rfd8 15.
h3 Nd7 16. d3 Rab8 17. Rd2 Bc6 18. a4 Bf6 19. Qd1 Ne5 20. Ne1 Bxg2 21. Kxg2 Nec6
22. f4 Rd7 23. Nf3 Rbd8 24. Qe2 Nb4 25. d4 Qc6 26. d5 exd5 27. Nxd5 Nxd5 28.
cxd5 Rxd5 29. Rxd5 Rxd5 30. Bxf6 gxf6 31. e4 Rd8 32. Nh4 Kh8 33. Nf5 Qe6 34. Re1
Nb3 35. Qg4 Rg8 36. Qd1 b5 37. axb5 axb5 38. Nh6 Ra8 39. Qh5 Nd4 40. Nxf7+ Kg7
41. Nh6 Ra2+ 42. Kg1 Qb3 43. Nf5+ Nxf5 44. Qg4+ Kf8 45. exf5 Qb2 46. Qf3 Qh2+
47. Kf1 Qxh3+ 48. Kg1 Kg7 0-1

[Event "46th Capablanca Memorial Open A"]
[Site "Havana CUB"]
[Date "2010.05.17"]
[Round "6.32"]
[White "Yanes Canizares, Alejandro"]
[Black "Campos Vila, Milena"]
[Result "1/2-1/2"]
[BlackTitle "WFM"]
[WhiteElo "2330"]
[BlackElo "2212"]
[WhiteFideId "3506134"]
[BlackFideId "3501558"]
[EventDate "2011.05.11"]

1. e4 e5 2. Nf3 Nc6 3. Bb5 a6 4. Ba4 Nf6 5. d3 d6 6. O-O g6 7. Bxc6+ bxc6 8. d4
exd4 9. Nxd4 Bg7 10. Nxc6 Qd7 11. Nd4 O-O 12. Nc3 Bb7 13. f3 Rfe8 14. Nb3 Rad8
15. Bg5 h6 16. Bxf6 Bxf6 17. Qd2 Bg7 18. Rad1 Re5 19. Nc1 Qc6 20. N1e2 Qb6+ 21.
Kh1 Ba8 22. b3 Ree8 23. Nd5 Bxd5 24. exd5 Re3 25. c4 Rde8 26. Ng3 f5 27. Rc1 a5
28. Rce1 h5 29. Rxe3 Qxe3 30. Qxe3 Rxe3 31. Rb1 h4 32. Nf1 Re2 33. a4 Bh6 34. g3
h3 35. Rd1 Be3 1/2-1/2

[Event "46th Capablanca Memorial Open A"]
[Site "Havana CUB"]
[Date "2010.05.17"]
[Round "6.33"]
[White "Morales Romero, Romaris"]
[Black "Osorio, Fernando"]
[Result "0-1"]
[WhiteTitle "FM"]
[WhiteElo "2323"]
[BlackElo "2208"]
[WhiteFideId "3502848"]
[BlackFideId "3901114"]
[EventDate "2011.05.11"]

1. d4 f5 2. Nf3 Nf6 3. g3 g6 4. Bg2 Bg7 5. O-O d6 6. b3 O-O 7. Bb2 c6 8. Nbd2
Qc7 9. c4 Re8 10. Qc2 Na6 11. Rae1 e5 12. e4 Nb4 13. Qb1 fxe4 14. Nxe4 Nxe4 15.
Qxe4 Bf5 16. Qh4 Bd3 17. dxe5 dxe5 18. Ng5 h6 19. Ne4 Bxf1 20. Rxf1 Qe7 21. Qg4
Kh7 22. c5 Nd5 23. Nd6 Qe6 24. Qh4 Re7 25. Re1 Rf8 26. Re2 Kg8 27. Qa4 Kh7 28.
h3 a6 29. Qa5 Qd7 30. Qe1 b6 31. b4 a5 32. bxa5 bxc5 33. Ne4 Qa7 34. Rc2 Nb4 35.
Rd2 Qxa5 36. Rd6 Qxa2 37. Qc1 c4 38. Bf1 Nd3 39. Bxd3 cxd3 40. Rxd3 Rb7 41. Rd2
Rfb8 42. Qxc6 Rxb2 43. Rd7 Qb1+ 44. Kh2 R2b7 45. Rd6 Rb6 46. Nf6+ Bxf6 47. Qc7+
Bg7 48. Rd7 Rg8 0-1

[Event "46th Capablanca Memorial Open A"]
[Site "Havana CUB"]
[Date "2010.05.17"]
[Round "6.34"]
[White "Garcia Martinez, Omar"]
[Black "Cardenas Ballester, Maydelin"]
[Result "1/2-1/2"]
[WhiteTitle "FM"]
[BlackTitle "WFM"]
[WhiteElo "2318"]
[BlackElo "2114"]
[WhiteFideId "3500861"]
[BlackFideId "3508242"]
[EventDate "2011.05.11"]

1. e4 c5 2. Nf3 d6 3. d4 cxd4 4. Nxd4 Nf6 5. Nc3 g6 6. Be2 Bg7 7. O-O O-O 8. Be3
Nc6 9. Nb3 a5 10. a4 Be6 11. f4 Bxb3 12. cxb3 Nb4 13. Rf2 d5 14. e5 Ne4 15. Nxe4
dxe4 16. Bc4 Qc7 17. Qb1 Qc6 18. Bb5 Qd5 19. Rd2 Qxb3 20. Ra3 Qe6 21. Qxe4 Rad8
22. Bc4 Qc6 23. Qxc6 bxc6 24. Rb3 Rxd2 25. Bxd2 Rb8 26. Bxb4 Rxb4 27. Rxb4 axb4
28. Be6 g5 1/2-1/2